| 000 | 00894nam a22002535a 4500 | ||
|---|---|---|---|
| 005 | 20201128023735.0 | ||
| 008 | 160509t2015 ii a frb 001 0 eng d | ||
| 020 | _a9788126555895 | ||
| 040 |
_aEG-ScBUE _beng _cEG-ScBUE _dEG-ScBUE |
||
| 082 | 0 | 4 |
_222 _a005.8 _bLII |
| 100 | 1 |
_aLi, Qing, _939940 _d1971- |
|
| 245 | 1 | 0 |
_aSecurity intelligence : _ba practitioner's guide to solving enterprise security challenges / _cQing Li, Gregory Clark. |
| 260 |
_aNew Delhi : _bWiley, _cc.2015. |
||
| 300 |
_axxii, 330 p. : _bill. ; _c24 cm. |
||
| 500 | _aIndex : p. 327-330. | ||
| 504 | _aBibliography : p. 317-325. | ||
| 650 | 7 |
_2BUEsh _92634 _aComputer networks _xSecurity measures. |
|
| 650 | 7 |
_2BUEsh _92637 _aComputer security. |
|
| 650 | 7 |
_2BUEsh _aElectronic information resources _xAccess control. _939941 |
|
| 651 | _2BUEsh | ||
| 653 |
_bCOMSCI _cMay2016 |
||
| 700 | 1 | _aClark, Gregory. | |
| 942 | _2ddc | ||
| 999 |
_c21717 _d21689 |
||